[Event "Muensterland Regionalliga 1819"]
[Site "Germany"]
[Date "2018.11.10"]
[Round "3.4"]
[White "Arning, Marcus"]
[Black "Kornick, Ulrich"]
[Result "1/2-1/2"]
[WhiteElo "1903"]
[BlackElo "1939"]
[PlyCount "124"]
[EventDate "2018.09.08"]
[EventType "team-tourn"]
[EventRounds "9"]
[EventCountry "GER"]
[SourceTitle "EXT 2020"]
[Source "ChessBase"]
[SourceDate "2019.10.17"]
[SourceVersion "1"]
[SourceVersionDate "2019.10.17"]
[SourceQuality "1"]
[WhiteTeam "Steinfurt"]
[BlackTeam "Rheine Klein Berlin"]
[WhiteTeamCountry "GER"]
[BlackTeamCountry "GER"]

1. Nf3 d5 2. e3 c5 3. d4 Nc6 4. Bb5 Bg4 5. Nbd2 Bxf3 6. Qxf3 e6 7. c4 cxd4 8. exd4 Be7 9. 0-0 Nf6 10. b3 a6 11. Bxc6+ bxc6 12. Bb2 0-0 13. Rac1 a5 14. a3 Qb6 15. Qg3 Rab8 16. c5 Qa7 17. f4 Qc7 18. Rce1 Nd7 19. Qh3 Bf6 20. Ba1 Rfc8 21. g4 Nf8 22. g5 Bd8 23. Qg4 f5 24. Qg3 Qf7 25. Re3 Bc7 26. Nf3 Ng6 27. Nh4 Nf8 28. Kh1 Rb7 29. Rg1 g6 30. Nf3 Rcb8 31. Nd2 Qg7 32. Rge1 Kf7 33. Kg2 h6 34. gxh6 Qxh6 35. Rf1 Kf6 36. h4 Bd8 37. Qg5+ Kg7 38. Qxh6+ Kxh6 39. Kh3 Bf6 40. Bc3 Rh7 41. Rh1 Kg7 42. Kg3 Kf7 43. Ree1 Nd7 44. b4 axb4 45. axb4 Ra8 46. Ra1 Rhh8 47. Rxa8 Rxa8 48. Ra1 Rxa1 49. Bxa1 Nb8 50. Bc3 Na6 51. Nf3 Nc7 52. Kf2 Nb5 53. Bb2 Kg7 54. Ke3 Kh6 55. Kd3 Kh5 56. Bc1 Kg4 57. Ke3 Nc7 58. Bd2 Bg7 59. Be1 Bf6 60. Bf2 Nb5 61. Bg1 Kg3 62. Bf2+ Kg4 1/2-1/2

[Event "Muensterland Regionalliga 1819"]
[Site "Germany"]
[Date "2018.09.29"]
[Round "2.4"]
[White "Pinno, Gregor"]
[Black "Arning, Marcus"]
[Result "1-0"]
[WhiteElo "1813"]
[BlackElo "1903"]
[PlyCount "137"]
[EventDate "2018.09.08"]
[EventType "team-tourn"]
[EventRounds "9"]
[EventCountry "GER"]
[SourceTitle "EXT 2020"]
[Source "ChessBase"]
[SourceDate "2019.10.17"]
[SourceVersion "1"]
[SourceVersionDate "2019.10.17"]
[SourceQuality "1"]
[WhiteTeam "Olfen"]
[BlackTeam "Steinfurt"]
[WhiteTeamCountry "GER"]
[BlackTeamCountry "GER"]

1. Nf3 d5 2. g3 Nd7 3. Bg2 e5 4. d3 Ngf6 5. Nbd2 Bd6 6. 0-0 0-0 7. e4 dxe4 8. dxe4 Nc5 9. Qe2 b6 10. Rd1 Bb7 11. Nh4 Ne6 12. c3 a5 13. Nf5 Ba6 14. Nc4 Qd7 15. b3 Rfd8 16. Qf3 Bxc4 17. bxc4 Nf8 18. Bg5 Qe6 19. Bh3 Qxc4 20. Nh6+ gxh6 21. Bxf6 Re8 22. Bd7 Reb8 23. Qg4+ Ng6 24. Rxd6 cxd6 25. Qh5 Nf4 26. gxf4 Qxe4 27. Qg4+ Qg6 28. Qxg6+ hxg6 29. fxe5 dxe5 30. Bxe5 Rd8 31. Bb5 Rac8 32. a4 g5 33. Kg2 f5 34. Bd4 Rd6 35. Re1 Kf7 36. Re5 f4 37. Kf3 Kg6 38. Re7 Kh5 39. Be8+ Kh4 40. Bb5 Rf8 41. Bg7 Rf5 42. Ke4 Rc5 43. Bd4 Rc8 44. Ke5 Rcd8 45. Rb7 Kh3 46. Bxb6 Rd5+ 47. Ke4 Kxh2 48. Bxd8 Rxd8 49. Rh7 Kg2 50. f3 Rd1 51. Rxh6 Re1+ 52. Kf5 Kxf3 53. Kxg5 Re5+ 54. Kh4 Ke3 55. Rf6 f3 56. Kg4 f2 57. Rf3+ Kd2 58. Rxf2+ Kxc3 59. Rf5 Re4+ 60. Rf4 Re5 61. Kf3 Re1 62. Re4 Rh1 63. Kf4 Rh5 64. Re5 Rh4+ 65. Kf5 Kb3 66. Re4 Rh8 67. Ke5 Rh5+ 68. Kd6 Rh6+ 69. Kc5 1-0

[Event "Muensterland Verbandsliga 1718"]
[Site "Germany"]
[Date "2018.01.20"]
[Round "5.3"]
[White "Arning, Marcus"]
[Black "Schroer, Klaus"]
[Result "1-0"]
[WhiteElo "1893"]
[BlackElo "2000"]
[PlyCount "39"]
[EventDate "2017.09.09"]
[EventType "team-tourn"]
[EventRounds "9"]
[EventCountry "GER"]
[SourceTitle "EXT 2019"]
[Source "ChessBase"]
[SourceDate "2018.10.10"]
[SourceVersion "1"]
[SourceVersionDate "2018.10.10"]
[SourceQuality "1"]
[WhiteTeam "Steinfurt"]
[BlackTeam "Borken"]
[WhiteTeamCountry "GER"]
[BlackTeamCountry "GER"]

1. e4 e5 2. Nf3 Nc6 3. Bb5 Nge7 4. 0-0 g6 5. c3 Bg7 6. d4 exd4 7. cxd4 0-0 8. d5 Ne5 9. Nxe5 Bxe5 10. f4 Bg7 11. f5 c6 12. Bd3 cxd5 13. fxg6 fxg6 14. exd5 Nxd5 15. Bc4 Rxf1+ 16. Qxf1 Qa5 17. Nc3 Qc5+ 18. Kh1 Bxc3 19. bxc3 b5 20. Ba3 1-0

[Event "Muensterland Regionalliga 1617"]
[Site "Germany"]
[Date "2017.05.13"]
[Round "9.6"]
[White "Arning, Marcus"]
[Black "Kornick, Ulrich"]
[Result "0-1"]
[WhiteElo "1839"]
[BlackElo "1913"]
[PlyCount "146"]
[EventDate "2016.09.17"]
[EventType "team"]
[EventRounds "9"]
[EventCountry "GER"]
[SourceTitle "EXT 2018"]
[Source "ChessBase"]
[SourceDate "2017.10.13"]
[SourceVersion "1"]
[SourceVersionDate "2017.10.13"]
[SourceQuality "1"]
[WhiteTeam "Steinfurt"]
[BlackTeam "Rheine Klein Berlin"]
[WhiteTeamCountry "GER"]
[BlackTeamCountry "GER"]

1. e4 e5 2. Nf3 Nf6 3. d4 Nxe4 4. dxe5 d5 5. Nbd2 Nc6 6. Bb5 Bd7 7. Qe2 a6 8. Bxc6 Bxc6 9. Nd4 Nxd2 10. Nxc6 bxc6 11. Bxd2 Qd7 12. 0-0 Be7 13. Rfe1 Qe6 14. Ba5 Ra7 15. Rad1 0-0 16. Rd3 Rb8 17. Rb3 Rb5 18. Bd2 Rab7 19. Bc1 a5 20. Rh3 Rb4 21. Qh5 Qg6 22. Qxg6 fxg6 23. b3 c5 24. Bd2 R4b6 25. a4 Ra6 26. Rd3 c6 27. Kf1 Rb8 28. Rf3 Rf8 29. Rxf8+ Kxf8 30. Ke2 Kf7 31. f4 Ke8 32. Kf3 Ra7 33. g4 Bd8 34. Kg3 Rf7 35. Be3 Bb6 36. Bd2 Bc7 37. Bc3 Rf8 38. Kf3 Ke7 39. h4 Ke6 40. h5 d4 41. Bd2 Kd5 42. c4+ Ke6 43. hxg6 hxg6 44. Rh1 Rb8 45. Ke4 Rxb3 46. f5+ gxf5+ 47. gxf5+ Kf7 48. Bg5 Kg8 49. f6 Rg3 50. Rh8+ Kf7 51. e6+ Kxe6 52. fxg7 Rxg5 53. g8Q+ Rxg8 54. Rxg8 Kd7 55. Kf5 Bd8 56. Rg7+ Kd6 57. Rg6+ Kd7 58. Re6 Bh4 59. Re2 Kd6 60. Kg6 Bg3 61. Kf7 Bf4 62. Re6+ Kd7 63. Re7+ Kd6 64. Ke8 Bg5 65. Ra7 Bd2 66. Rd7+ Ke5 67. Kd8 Ke4 68. Kc7 Kd3 69. Kxc6 Kxc4 70. Rh7 Bb4 71. Rh3 d3 72. Rh4+ Kc3 73. Kd5 d2 0-1